Digital signal processing : a practical guide for engineers and scientists (Record no. 230527)
[ view plain ]
| 000 -LEADER | |
|---|---|
| fixed length control field | 00476nam a2200169Ia 4500 |
| 008 - FIXED-LENGTH DATA ELEMENTS--GENERAL INFORMATION | |
| fixed length control field | 231221s9999 xx 000 0 und d |
| 020 ## - INTERNATIONAL STANDARD BOOK NUMBER | |
| International Standard Book Number | 9790000000000 |
| 041 ## - LANGUAGE CODE | |
| Language code of text/sound track or separate title | English |
| 082 ## - DEWEY DECIMAL CLASSIFICATION NUMBER | |
| Classification number | 621.38481 SMI;1 |
| 100 ## - MAIN ENTRY--PERSONAL NAME | |
| Personal name | Smith, Steven W. |
| 245 #0 - TITLE STATEMENT | |
| Title | Digital signal processing : a practical guide for engineers and scientists |
| 260 ## - PUBLICATION, DISTRIBUTION, ETC. | |
| Date of publication, distribution, etc. | 2003 |
| Name of publisher, distributor, etc. | Elsevier |
| Place of publication, distribution, etc. | New Delhi |
| 300 ## - PHYSICAL DESCRIPTION | |
| Extent | xiv, 650 |
| 300 ## - PHYSICAL DESCRIPTION | |
| Dimensions | PU2566 |
| 650 ## - SUBJECT ADDED ENTRY--TOPICAL TERM | |
| Topical term or geographic name entry element | Digital,processing,scientists |
| 942 ## - ADDED ENTRY ELEMENTS (KOHA) | |
| Koha item type | Compact Disks |
| Date last seen | Total checkouts | Full call number | Accession number | Price effective from | Category | Lost status | Damaged status | Department | Withdrawn status | Home library | Current library | Shelving location | Entry date | Vendor | Grants | Billnumber | Currency symbol | Conversion rate | Discount | Old discount |
|---|---|---|---|---|---|---|---|---|---|---|---|---|---|---|---|---|---|---|---|---|
| 26/01/2024 | 621.38481 SMI;1 | CD6606 | 26/01/2024 | Compact Disks | Central Library | Central Library | Central Library | Central Library | Allied publ. | EC | BA/2014/CR/0002593 | RS | 1 | |||||||
| 26/01/2024 | 621.38481 SMI;2 | CD6607 | 26/01/2024 | Compact Disks | Central Library | Central Library | Central Library | Central Library | Allied publ. | EC | BA/2014/CR/0002593 | RS | 1 |
